Effectif du RC Lens 2024/2025 - Statistiques

Statistiques générales
  • Ce quiz a été pris 109 fois
  • Le résultat moyen est 18 sur 27
Statistiques - réponses
Numéro Poste Joueur % Correct
30 Gardien Brice Samba
97%
4 Défenseur Kevin Danso
90%
14 Défenseur Facundo Medina
88%
7 Attaquant Florian Sotoca
87%
24 Défenseur Jonathan Gradit
84%
29 Défenseur Przemyslaw Frankowski
82%
18 Milieu Andy Diouf
79%
28 Milieu Adrien Thomasson
78%
22 Attaquant Wesley Saïd
78%
3 Défenseur Deiver Machado
75%
2 Défenseur Ruben Aguilar
75%
8 Attaquant M'Bala Nzola
72%
11 Milieu Angelo Fulgini
69%
10 Milieu David Pereira Da Costa
69%
25 Défenseur Abdukodir Khusanov
66%
16 Gardien Hervé Koffi
64%
13 Défenseur Jhoanner Chavez
64%
20 Défenseur Malang Sarr
63%
23 Milieu Neil El Aynaoui
63%
36 Attaquant Remi Labeau Lascary
61%
1 Gardien Denis Petric
58%
9 Attaquant Martin Satriano
55%
21 Milieu Anass Zaroury
52%
26 Milieu Nampalys Mendy
51%
19 Défenseur Jimmy Cabot
45%
15 Milieu Hamzat Ojediran
43%
27 Défenseur Sidi Bane
22%
Aucun quiz correspondant
Distribution des résultats
% des personnes avec chaque résultat
Percentile par nombre de réponses
Votre historique - résultats
Vous n’avez pas pris ce quiz